00474 a2200169 450000100060000002000150000604000370002110000280005824000270008624500220011330000070013536200090014265000240015194200070017595201050018299900170028774916 a8516015084 cAnchieta - Colégio São Paulo aJoão Teodoro da Silva10aLeonardo Da Vincilpor10aLeonardo Da Vinci a320 a2010 4aLiteratura infantil cBK 00104070a88.1b88.1d2023-11-22l0oLI 028.5 V458lp6051/CSPr2023-11-22 14:32:06w2023-11-22yBK c74916d74916